000 00534nam a2200181Ia 4500
008 090630s9999 xx 000 0 und d
082 _b18796
100 _aनानल रमेश म.
245 _aअतिसार.
_cनानल रमेश म.
260 _bघरकुल - पुणे.
_c1992
300 _a64
600 _aनानल रमेश म.
630 _aअतिसार.
655 _aइतर.
700 _aनानल रमेश म.
730 _aअतिसार.
942 _cBOOK
999 _c270652
_d270652